| 000 | 00983nam a2200241Ia 4500 | ||
|---|---|---|---|
| 999 |
_c39023 _d39023 |
||
| 001 | 5533 | ||
| 003 | GE_BSU | ||
| 005 | 20190621152053.0 | ||
| 008 | 181216s1981||||ge |||||||||||||| ||geo|| | ||
| 040 | _cGE_BSU | ||
| 041 | _ageo | ||
| 080 | _a519.72 + 002.6 + 007 ბ-33 | ||
| 100 |
_aბაღათურია, გ. _92730 |
||
| 245 |
_aინფორმაციის გამოყენებითი თეორიის საფუძვლები II ნაწ. : _bდამხმ. სახელმძღ. / _cგ. ბაღათურია ; რედ. ე. გიორგაძე |
||
| 260 | _aთბ. | ||
| 260 | _bსპი. | ||
| 260 | _c1981. | ||
| 300 |
_a76 გვ. ; _c20 სმ. |
||
| 504 | _a ბიბლიოგრ. : გვ.75. | ||
| 653 | _aინფორმაციის გამოყენებითი თეორია | ||
| 700 |
_aგიორგაძე, ე. _eრედაქტორი _9398 |
||
| 942 |
_cBK _2udc |
||